Регионална библиотека "Любен Каравелов" - Русе

Даоистка сексуална алхимия за жени (Запис номер 84926)

MARC детайли
000 -Лидер
Контролно поле с фиксирана дължина 01979nam a2200421 c 4500
003 - Код на организацията, давaща контролен номер
Контролно поле BLK
005 - Дата и час на последна редакция
Контролно поле 20240711141915.0
008 - Елементи от данни с фиксирана дължина
fixed length control field 180408b bul|||||r ||||||| ||bul||
010 ## - Наследен системен номер
LC control number KNG00089519000
020 ## - Международен стандартен номер на книга ISBN
Международен стандартен номер на книга ISBN 978-954-626-254-7
-- издат.: Аратрон
040 ## - Източник на каталожния запис
Идентификатор на билиотеката - собственик на записа BLK
041 ## - Код за език
Код за езика на текст/звукозапис или на отделно заглавие Български
Код за езика КДБФ Български
080 ## - УДК
Текстов определител УДК Полово възпитание. Хигиена на половия живот - Полови излишества, проституция, полово въздържание
УДК код - определител по УДК 613.88
УДК определител -055.2(035)
УДК - код + определител 613.88-055.2(035)
100 1# - Редна дума - Автор
Автор Чиа Мантак
Авторска отговорност първи автор
R(LIN) 365547
139 ## - Редно поле
Редна дума Чиа Мантак и др.
Авторски знак Чи - Ч 79
245 10 - Сведения за заглавието
Заглавие Даоистка сексуална алхимия за жени
Подзаглавни данни Открийте вашето пълноценно желание, удоволствие и жизненост
Редно поле (дума) Чиа Мантак; съавт. Рейчъл Карлтън Ейбрамс; прев. от англ. Маргарита Емилова Спасова.
257 ## - Страна на издаване
Страна на създаване/издаване Тайланд
260 ## - Област на издателските данни
-- София
Име на издателя, разпространителя и проч. Аратрон
Година на издаване 2007
300 ## - Физическа характеристика
Страници 325 с.
Илюстрации и др. с ил., табл.
Размери/Мащаб 22 см
380 ## - Жанр
Жанр Медицина
500 ## - Общи забележки
Забележка Ориг. загл. The Multi-Orgasmic Woman / Mantak Chia and Rachel Carlton Abrams
650 #4 - Допълнително описание по предмет – тема
Основно описание – тема или топоним Полов живот - жени
9 (RLIN) 266990
650 #4 - Допълнително описание по предмет – тема
Основно описание – тема или топоним Сексология - наръчници и ръководства
9 (RLIN) 254541
650 #4 - Допълнително описание по предмет – тема
Основно описание – тема или топоним Таоизъм
9 (RLIN) 173188
653 ## - Ключова дума – ненормативна
Ключова дума полов живот
653 ## - Ключова дума – ненормативна
Ключова дума жени
653 ## - Ключова дума – ненормативна
Ключова дума сексология
653 ## - Ключова дума – ненормативна
Ключова дума наръчници
653 ## - Ключова дума – ненормативна
Ключова дума таоизъм
700 1# - Други автори (авторска отговорност)
Лично име Ейбрамс, Рейчъл Карлтън
Автороска отговорност (Описва отношението между автора и произведението) съавт.
9 (RLIN) 301621
700 1# - Други автори (авторска отговорност)
Лично име Спасова, Маргарита Емилова
Автороска отговорност (Описва отношението между автора и произведението) прев. от англ.
9 (RLIN) 122607
852 ## - Местоположение
Форматна сигнатура Цб 244030
856 4# - Електронен адрес и достъп
Електронен формат pdf - файл
Път до файла /url/
856 4# - Електронен адрес и достъп
Електронен формат pdf - файл
Път до файла /url/
942 ## - АРТИКУЛИ
Вид на библиотечния материал Книги
Скрит в OPAC Не
Koha issues (borrowed), all copies 1
944 ## - СЪЗДАВАНЕ И РЕДАКЦИЯ на ЗАПИСА
Създаване/Редакция Създаване
Дата на регистрацията/редакция 15.05.2009
Служител, извършил регистрацията/редакцията 30560
Статус, дата на статуса Геновева Генчева
944 ## - СЪЗДАВАНЕ И РЕДАКЦИЯ на ЗАПИСА
Създаване/Редакция Редакция
Дата на регистрацията/редакция 11.06.2009
Служител, извършил регистрацията/редакцията
999 ## - СИСТЕМНИ КОНТРОЛНИ НОМЕРА
Koha biblionumber 84926
Koha biblioitemnumber 84926
Наличности
Код за отписване Код за изгубен артикул Код за повреда Коз за рестрикции Код за отдаване Артикулен № Име на библиотеката - собственик Име на библиотеката, в която се намира в момента Статус (Текущо местоположение) Дата на вписване в системата Местоположение - отдел Цена в лева Инвентарен номер Систематично азбучна сигнатура Баркод Номер на екземпляра Цена в евро Служебна бележка Служебен тип на артикула
  Не е изгубен Не е повреден без рестрикции ползва се в читалня 137750 Регионална библиотека "Любен Каравелов" Русе Регионална библиотека "Любен Каравелов" Русе Хранилище 2009-05-14 Хранилище 11.00 120000735646 Цб 244030 120000735646 1 5.62 Дост: Dp Вид: Д N: 49 Дата: 19.11.2008 Книги
Vip Innovations Ltd, Rousse, Bulgaria 2025